| 000 | 00464nam a2200181Ia 4500 | ||
|---|---|---|---|
| 005 | 20250508162519.0 | ||
| 008 | 008 250505s9999 xx 000 0 eng d | ||
| 037 | _aTextual | ||
| 040 |
_aFEDL _beng _cFEDL |
||
| 041 |
_aeng _2eng |
||
| 084 |
_a371.74, MUR _qFEDL |
||
| 100 |
_aMurray Jim _9773340 |
||
| 245 | 0 | _aWeight training in athletics | |
| 260 | _c1984 | ||
| 300 | _aix,214p. | ||
| 942 |
_cTEXL _h371.74, MUR |
||
| 999 |
_c1377013 _d1377013 |
||